Escalofríos : (Registro nro. 3287)
[ vista simple ]
| 000 -LEADER | |
|---|---|
| fixed length control field | 00897nam a2200241Ia 4500 |
| 003 - CONTROL NUMBER IDENTIFIER | |
| control field | OSt |
| 005 - DATE AND TIME OF LATEST TRANSACTION | |
| control field | 20250612153534.0 |
| 008 - FIXED-LENGTH DATA ELEMENTS--GENERAL INFORMATION | |
| fixed length control field | 191128t1995 ck dr 000 f spa d |
| 020 ## - INTERNATIONAL STANDARD BOOK NUMBER | |
| International Standard Book Number | 9580429715 |
| 040 ## - CATALOGING SOURCE | |
| Original cataloging agency | CO-JMCR |
| Transcribing agency | CO-JMCR |
| 041 ## - LANGUAGE CODE | |
| Language code of text/sound track or separate title | spa |
| 082 04 - DEWEY DECIMAL CLASSIFICATION NUMBER | |
| Classification number | J-N |
| Item number | STIe |
| 100 1# - MAIN ENTRY--PERSONAL NAME | |
| Personal name | Stine, R. L. |
| Relator term | autor |
| 9 (RLIN) | 8225 |
| 245 10 - TITLE STATEMENT | |
| Title | Escalofríos : |
| Remainder of title | ¡sonríe y muérete! / |
| Statement of responsibility, etc. | R. L. Stine; traducción María Mercedes Correa |
| 250 ## - EDITION STATEMENT | |
| Edition statement | Primera edición |
| 260 ## - PUBLICATION, DISTRIBUTION, ETC. | |
| Place of publication, distribution, etc. | Bogotá : |
| Name of publisher, distributor, etc. | Norma, |
| Date of publication, distribution, etc. | ©1995 |
| 300 ## - PHYSICAL DESCRIPTION | |
| Extent | 137 páginas ; |
| Dimensions | 19 cm. |
| 490 0# - SERIES STATEMENT | |
| Series statement | Infantil-juvenil |
| 520 ## - SUMMARY, ETC. | |
| Summary, etc. | Cada foto encierra una historia Greg piensa que hay algo raro en la cámara que se encontraron él y sus amigos en abandonada casa de las afueras de Pitts Landing. Las fotografías que toma salen raras, muy raras.. |
| 534 ## - ORIGINAL VERSION NOTE | |
| Introductory phrase | Goosebumps 4 : say cheese and die! |
| 650 14 - SUBJECT ADDED ENTRY--TOPICAL TERM | |
| Topical term or geographic name entry element | Novela juvenil |
| 9 (RLIN) | 8226 |
| 942 ## - ADDED ENTRY ELEMENTS (KOHA) | |
| Source of classification or shelving scheme | Dewey Decimal Classification |
| Koha item type | Books |
| Withdrawn status | Lost status | Source of classification or shelving scheme | Damaged status | Not for loan | Collection code | Home library | Current library | Date acquired | Source of acquisition | Total Checkouts | Total Renewals | Full call number | Barcode | Date last seen | Date last checked out | Copy number | Koha item type |
|---|---|---|---|---|---|---|---|---|---|---|---|---|---|---|---|---|---|
| Dewey Decimal Classification | Fiction | Biblioteca Pública José María del Castillo y Rada | Biblioteca Pública José María del Castillo y Rada | 11/28/2019 | Donación | 5 | 4 | J-N STIe | 201507025 | 07/15/2025 | 07/14/2025 | Ej.1 | Books |